| 000 | 00460nam a22001697a 4500 | ||
|---|---|---|---|
| 005 | 20260217105941.0 | ||
| 008 | 260209b |||||||| |||| 00| 0 eng d | ||
| 020 | _a9781118373439 | ||
| 041 | _aeng | ||
| 082 |
_a004.1 _bWIN B22752 |
||
| 100 | _aWinston W L | ||
| 245 |
_aMarketing Analytics : _b Data-Driven Techniques with Microsoft Excel _c1st Ed. |
||
| 260 |
_aNew Jersey _bWiley _c2014 |
||
| 300 | _a690p | ||
| 500 | _aMarketing Analytics | ||
| 942 | _cRF | ||
| 999 |
_c370379 _d370379 |
||